000 00953nam a22002417a 4500
005 20081027121214.0
008 081027t xxu||||| |||| 00| 0 pnb d
010 _aPNB-6152
020 _a818138041x
_c300.00
035 _aPN-5267
037 _bDBAD / PUB
040 _adpl
_bPNB
082 _a853.08
100 _aਰਜਨੀ ਰਾਣੀ
_931599
245 _aਨਾਰੀਵਾਦੀ ਚਿੰਤਨ ਅਤੇ ਪੰਜਾਬੀ ਕਹਾਣੀ /
_bਰਜਨੀ ਰਾਣੀ
246 _aNaarivadi Chintan Ate Punjabi Kahani
_bby Rajani Rani
260 _aਦਿੱਲੀ
_bਏਮ.ਪੀ. ਪ੍ਰਕਾਸ਼ਨ
_c2006
270 _aਸ਼ਾਪ ਨੰ-7, 12/190,ਗੀਤਾ ਕਾਲੋਨੀ
_bਦਿੱਲੀ
_k9312271252
_e110031
300 _a239 ਸਫੇ;
_b22 ਸੇਮੀ ,(ਸਜਿਲਦ)
650 _aਪੰਜਾਬੀ
_931600
650 _aPunjabi
_931601
942 _2ddc
_cPN
_mਰਜਨੀ
_h850.08
999 _c54960
_d54960